[Event "San Francisco TNM Winter op"]
[Site "San Francisco"]
[Date "2016.02.02"]
[Round "5"]
[White "Harmon, Frederick G"]
[Black "Tan, Jacky T"]
[Result "1-0"]
[WhiteElo "1812"]
[BlackElo "1327"]
[PlyCount "23"]
[EventDate "2016.01.05"]
[EventType "swiss"]
[EventRounds "8"]
[EventCountry "USA"]
[SourceTitle "EXT 2018"]
[Source "ChessBase"]
[SourceDate "2017.10.13"]
[SourceVersion "1"]
[SourceVersionDate "2017.10.13"]
[SourceQuality "1"]

1. c4 Nf6 2. Nf3 e6 3. Nc3 d5 4. cxd5 exd5 5. e3 Be7 6. Be2 0-0 7. 0-0 c5 8. d4 Nc6 9. a3 c4 10. b3 Qa5 11. Bd2 b5 12. Nxd5 1-0